000 00453nam a2200157 i 4500
001 145928
003 ES-MaACL
005 20230906201347.0
007 t|
008 071018s1967 sp ||||1| spa d
100 1 _aKodasver.
_968424
245 1 0 _aMedio siglo de vida diocesana matritense, 1913-1963 /
_cKodasver (seud.).
260 _aMadrid :
_b[s.n.],
_c1967 (
_fTall. Aldus)
300 _a228 p. ;
_c21 cm.
852 _aES-MaACL
_jC-33493
_bR.64288
999 _c145928
_d145928